Statistics for Every Bone Thugs-N-Harmony song that hit the Billboard hot 100

Click here to take the quiz!

General Stats

  • This quiz has been taken 10 times
  • The average score is 5 of 9

Answer Stats

Peak Chart PositionYearSong% Correct
11996Tha Crossroads
100%
221994Thuggish Ruggish Bone
78%
62007I Tried
67%
621996East 1999
67%
41997Look Into My Eyes (From "Batman & Robin")
44%
1419951st Of Tha Month
44%
371997If I Could Teach The World
44%
411995Foe Tha Love Of $
33%
151999Ghetto Cowboy
22%

Score Distribution

Percentile by Number Answered

Percent of People with Each Score

Your Score History

You have not taken this quiz